EPR štúdium fotoindukovaných procesov kompozitných fotokatalyzátorov

Gespeichert in:
Bibliographische Detailangaben
1. Verfasser: Czikhardtová, Kristína (Verfasst von)
Weitere Verfasser: Dvoranová, Dana (Betreuung Doktorarbeit)
Format: Manuskript Buch
Sprache:Slowakisch
Veröffentlicht: 2019
Schlagworte:
Online-Zugang:http://is.stuba.sk/zp/portal_zp.pl?podrobnosti=135695
Tags: Tag hinzufügen
Keine Tags, Fügen Sie das erste Tag hinzu!

MARC

LEADER 00000ntm a22000003a 4500
001 stuzp74556
003 SK-STU
005 20190622211842.2
007 ta
008 150427s2015----xo-----f-mn---000-0-slo-d
040 |a STU  |b slo 
041 0 |a slo 
100 1 |a Czikhardtová, Kristína  |u 045210  |4 aut  |U FCHPT Ústav fyzikálnej chémie a chemickej fyziky  |T FCHPT Oddelenie fyzikálnej chémie  |X 86680  |U C5210  |Y 117  |7 86680 
242 0 1 |a EPR Study of Photoinduced Processes of Composite Photocatalysts  |y eng 
245 1 0 |a EPR štúdium fotoindukovaných procesov kompozitných fotokatalyzátorov 
260 |c 2019 
650 4 |a grafitický nitrid uhlíka  |2 slo 
650 4 |a exfoliácia  |2 slo 
650 4 |a kompozitné fotokatalyzátory  |2 slo 
650 4 |a oxid titaničitý  |2 slo 
650 4 |a fotoindukované procesy  |2 slo 
650 4 |a EPR technika spinových lapačov  |2 slo 
650 4 |a Titanium dioxide  |2 eng 
650 4 |a Graphitic carbon nitride  |2 eng 
650 4 |a Exfoliation  |2 eng 
650 4 |a Composite photocatalysts  |2 eng 
650 4 |a Photoinduced processes  |2 eng 
650 4 |a EPR spin-trapping technique  |2 eng 
700 1 |a Dvoranová, Dana  |u 045210  |k Z1  |4 ths  |U FCHPT Ústav fyzikálnej chémie a chemickej fyziky  |T FCHPT Oddelenie fyzikálnej chémie  |X 3943  |U C5210  |Y 117  |7 A000003943 
856 4 |u http://is.stuba.sk/zp/portal_zp.pl?podrobnosti=135695